000 00655cam a22002173a 4500
001 35144
003 PGUSA
005 20140828083746.0
008 110202s2011||||xxu|||||s|||||000 | eng d
040 _aPGUSA
_beng
042 _adc
100 1 _aLever, Charles James,
_d1806-1872
245 1 4 _aThe Martins Of Cro' Martin, Vol. II (of II)
_h[electronic resource] /
_cCharles James Lever
260 _bProject Gutenberg,
_c2011
506 _aPublic domain in the USA.
516 _aElectronic text
700 1 _aBrowne, Hablot Knight,
_d1815-1882
830 0 _aProject Gutenberg
_v35144
856 4 0 _uhttp://www.gutenberg.org/ebooks/35144
942 _cEB
999 _c264399
_d264399